000 01009nam0a2200313 4500
001 RU\NLR\b_ik\165153
005 20250616230329.0
010 _a978-5-484-01029-5
035 _a(NLR Aleph) 002237956
090 _a3518134
_c3518134
100 _a20071226d2007 |||y0rusy50 ca
101 0 _aeng
102 _aRU
105 _aa |||||||||
200 1 _aCosmology
_efoundations and frontiers
_fGene G. Byrd, Arthur D. Chernin, Mauri J. Valtonen
210 _aMoscow
_cURSS
_d2007
215 _a485 с.
_cил.
_d25
320 _aБиблиогр.: с. 446-476
320 _aУказ.: с. 477-485
606 1 _aКосмология
_91289119
_3RU\NLR\AUTH\66532630
686 1 _aВ632.93
700 1 _aByrd
_bG. G.
_gGene G
_4070
701 1 _aČernin
_bA. D.
_gArtur Davidovič
_4070
701 1 _aValtonen
_bM. J.
_gMauri J
_4070
801 0 _aRU
_bNLR
_c20071226
_gRCR
830 _aКосмология
942 _cBOOK
980 _aNB